00921nam a2200253 i 4500001000300000100002200003245014200025260007200167300002100239504002600260650001100286650002100297650004100318650001900359650003900378650002000417700002200437020001500459040000800474041000700482080003900489008004100528856009800569bg1 aURBAN, Stanisław10aZorganizowane rynki towarowe :bgiełdy towarowe, aukcje, centra handlu hurtowego, targi i wystawy /cStanisław Urban, Anna Olszańska. aWrocław :bWydaw. Akademii Ekonomicznej im. Oskara Langego,c1998. a124 s. ;c24 cm. aBibliogr. s. 123-124. 9aAukcja 9aGiełda towarowa 9aGiełda towarowazPolskayod 1989 r. 9aHandel hurtowy 9aHandel hurtowyzPolskayod 1989 r. 9aTargi i wystawy1 aOLSZAŃSKA, Anna a8370113230 cBPK0 apl a339.172/.174:339.3](438)"1989/..." s pl f |000 0 pol  uhttp://koha.tu.koszalin.pl/cgi-bin/koha/opac-detail.pl?biblionumber=33913yKatalog online BPK